000 00735cam a22002411 4500
999 _c233447
_d233447
001 8879862
003 Nust
005 20170308100158.0
008 770201s1958 nyu 000 1 eng
010 _a 58005576
020 _a9780006172482
035 _a(OCoLC)2713570
040 _aDLC
_cOU
_dOCoLC
_dDLC
042 _apremarc
082 _a823.914
_bMAC
100 1 _aMacLean, Alistair,
_d1922-1987.
245 1 0 _aSouth by Java Head.
_cAlistair,, MacLean;
250 _a1st ed.
260 _aGarden City, N.Y.,
_bDoubleday,
_c1958.
300 _a433 p.
_c22 cm.
650 0 _aWorld War, 1939-1945
_vFiction.
906 _a7
_bcbc
_coclcrpl
_du
_encip
_f19
_gy-gencatlg
942 _2ddc
_cBK